Southville International School and Colleges
Your cart is empty.
  • Cart
  • Lists
    Public lists Eva Luna New books Lux_list list_1
    Your lists Log in to create your own lists
  • Log in to your account
  • Your cookies
  • Search history
Southville International School and Colleges
  • Advanced search
  • Recent comments
  • Most popular
  • Libraries

Log in to your account

Log in with GOOGLE


If you do not have an external account, but do have a local account, you can still log in:

  1. Home
  2. MARC view: Retail best practices to food safety and sanitation :
Normal view MARC view ISBD view

Retail best practices to food safety and sanitation : (Record no. 363425)

[ view plain ]
MARC details
000 -LEADER
fixed length control field 00898nam a2200265Ia 4500
008 - FIXED-LENGTH DATA ELEMENTS--GENERAL INFORMATION
fixed length control field 200601s9999 xx 000 0 und d
020 ## - INTERNATIONAL STANDARD BOOK NUMBER
International Standard Book Number 978-0-13-158458-7
050 ## - LIBRARY OF CONGRESS CALL NUMBER
Classification number REF TX 911.3
050 ## - LIBRARY OF CONGRESS CALL NUMBER
Item number .S3R84 2007
100 ## - MAIN ENTRY--PERSONAL NAME
Personal name Rue, Nancy R.
245 #0 - TITLE STATEMENT
Title Retail best practices to food safety and sanitation :
245 #0 - TITLE STATEMENT
Remainder of title supersafe mark quick reference /
245 #0 - TITLE STATEMENT
Statement of responsibility, etc Nancy R. Rue, Anna Graf Williams.
250 ## - EDITION STATEMENT
Edition statement 2nd Edition
260 ## - PUBLICATION, DISTRIBUTION, ETC. (IMPRINT)
Place of publication, distribution, etc New Jersey :
260 ## - PUBLICATION, DISTRIBUTION, ETC. (IMPRINT)
Name of publisher, distributor, etc Pearson Education,
260 ## - PUBLICATION, DISTRIBUTION, ETC. (IMPRINT)
Date of publication, distribution, etc 2007
300 ## - PHYSICAL DESCRIPTION
Extent 98 pages :
300 ## - PHYSICAL DESCRIPTION
Other physical details color illustrations ;
300 ## - PHYSICAL DESCRIPTION
Dimensions 23 cm.
650 ## - SUBJECT ADDED ENTRY--TOPICAL TERM
Topical term or geographic name as entry element Food handling -- Sanitation -- Handbooks, manuals, etc.
650 ## - SUBJECT ADDED ENTRY--TOPICAL TERM
Topical term or geographic name as entry element Food service -- Sanitation -- Handbooks, manuals, etc.
650 ## - SUBJECT ADDED ENTRY--TOPICAL TERM
General subdivision Food handling -- Safety measures -- Handbooks, manuals, etc.
650 ## - SUBJECT ADDED ENTRY--TOPICAL TERM
General subdivision Food safety -- Safety measures -- Handbooks, manuals, etc.
Holdings
Withdrawn status Lost status Damaged status Home library Current library Shelving location Date acquired Cost, normal purchase price Total Checkouts Full call number Barcode Date last seen Price effective from Koha item type
      South Mansfield College South Mansfield College Reference Section 01/09/2008 1050.00   REF TX 911.3 .S3R84 2007 SMC03869 06/01/2020 06/01/2020 Books

Retail best practices to food safety and sanitation :

APA

Rue N. R., .Retail best practices to food safety and sanitation. New Jersey: .

Chicago

Rue Nancy R, .Retail best practices to food safety and sanitation. New Jersey: .

Harvard

Rue N. R., .Retail best practices to food safety and sanitation. New Jersey: .

MLA

Rue Nancy R, .New Jersey: . .

  • Place hold
  • Print
  • Cite
  • Add to your cart (remove)
  • Save record
    BIBTEX Dublin Core MARCXML MARC (non-Unicode/MARC-8) MARC (Unicode/UTF-8) MARC (Unicode/UTF-8, Standard) MODS (XML) RIS
  • More searches
    Search for this title in:
    Other Libraries (WorldCat) Other Databases (Google Scholar) Online Stores (Bookfinder.com) Open Library (openlibrary.org)

Exporting to Dublin Core...

SOUTHVILLE LIBRARY

Southville International School and Colleges Library

1281 Tropical Ave. Cor. Luxembourg St., BF Homes International, Las Pinas City

Tel. No. 8256374 / 252358 Loc. 117/146

Powered by Koha